[Event "Karditsa"]
[Site "Karditsa"]
[Date "1994.??.??"]
[Round "3"]
[White "Grivas, Efstratios"]
[Black "Georgiev, Krum"]
[Result "1/2-1/2"]
[WhiteElo "2505"]
[BlackElo "2470"]

1.d4 Nf6 2.c4 g6 3.Nc3 Bg7 4.e4 d6 5.Nf3 O-O 6.Be2 e5 7.O-O Nc6 8.d5 Ne7
9.Bg5 Nh5 10.Ne1 Nf4 11.Nd3 Nxe2+ 12.Qxe2 f6 13.Bd2 f5 14.f4 exf4 15.Bxf4 fxe4
16.Nxe4 Nf5 17.Bg5 Qe8 18.Rae1 Qa4 19.b3 Qa5 20.Qd2 Qxd2 21.Bxd2 Bd7 22.Bc3 Bxc3
23.Nxc3 Rae8 24.Ne4 Kg7 25.Ng5 h6  1/2-1/2

[Event "Kecskemet"]
[Site "Kecskemet"]
[Date "1994.??.??"]
[Round "?"]
[White "Gyimesi, Zoltan"]
[Black "Videki, Sandor"]
[Result "1/2-1/2"]
[WhiteElo "2430"]
[BlackElo "2435"]

1.d4 Nf6 2.c4 g6 3.Nc3 Bg7 4.e4 d6 5.Nf3 O-O 6.Be2 e5 7.O-O Nc6 8.d5 Ne7
9.Ne1 Nd7 10.Nd3 f5 11.Bd2 Kh8 12.b4 Nf6 13.f3 h5 14.exf5 gxf5 15.f4 e4 16.Nf2 Ng4
17.Bxg4 hxg4 18.Rc1 c6 19.Be3 a5 20.b5 c5 21.Ne2 Ng8 22.Ng3 Qh4 23.Re1 Bd7
24.Bd2 Nf6 25.Bc3 Kg8 26.Qd2 b6 27.Nf1 Kf7 28.Re3 Qh6 29.Re2 Nh5 30.Bxg7 Kxg7
31.g3 Nf6 32.Nd1 Kf7 33.Nde3  1/2-1/2

[Event "Kecskemet"]
[Site "Kecskemet"]
[Date "1994.??.??"]
[Round "?"]
[White "Mann, Gerald"]
[Black "Groszpeter, Attila"]
[Result "0-1"]
[WhiteElo "2315"]
[BlackElo "2520"]

1.d4 Nf6 2.c4 g6 3.Nc3 Bg7 4.e4 d6 5.Be2 O-O 6.Nf3 e5 7.O-O Nc6 8.d5 Ne7
9.Ne1 Nd7 10.f3 f5 11.Be3 f4 12.Bf2 g5 13.a4 Ng6 14.Nb5 a5 15.Nd3 Nf6 16.b4 g4
17.fxg4 Nxe4 18.bxa5 Qe7 19.Ra3 Nxf2 20.Nxf2 e4 21.Qc2 Re8 22.Nxe4 Qxe4 23.Bd3 Qe3+
24.Kh1 Qe5 25.Bxg6 hxg6 26.Qxg6 Rf8 27.Rh3 Rf7 28.Rh5 Qe2 29.Rg1 f3 30.Nd4 fxg2+
31.Rxg2 Qd1+ 32.Rg1 Qxd4 33.h3 Bd7 34.Re1 Re8 35.Rxe8+ Bxe8 36.Rf5 Qe4+  0-1

[Event "Kecskemet"]
[Site "Kecskemet"]
[Date "1994.??.??"]
[Round "?"]
[White "Stajcic, Nikola"]
[Black "Groszpeter, Attila"]
[Result "0-1"]
[WhiteElo "2350"]
[BlackElo "2520"]

1.d4 Nf6 2.c4 g6 3.Nc3 Bg7 4.e4 d6 5.Nf3 O-O 6.Be2 e5 7.O-O Nc6 8.d5 Ne7
9.Ne1 Nd7 10.Be3 f5 11.f3 f4 12.Bf2 g5 13.a4 h5 14.a5 Ng6 15.Nb5 Nf6 16.Nxa7 g4
17.Nxc8 g3 18.hxg3 fxg3 19.Bxg3 h4 20.Bh2 Nf4 21.Nd3 N6h5 22.Kf2 Ng3 23.Nxf4 exf4
24.Qd2 Nxf1 25.Rxf1 Be5 26.c5 Rxc8 27.b4 Qf6 28.Rb1 b6 29.axb6 cxb6 30.c6 Rc7
31.Kf1 Rg7 32.Ba6 h3 33.Rc1 Rxg2 34.Qxg2+ hxg2+ 35.Kxg2 Rf7 36.c7 Qg7+ 37.Kh1 Rxc7
38.Rg1 Rc3 39.Rxg7+ Kxg7 40.Kg2 Rc2+ 41.Kh1 Rf2 42.Bg1 Rxf3 43.Bxb6 Rb3 44.Kg2 Rxb4
45.Bf2 Rxe4 46.Bd3 Ra4 47.Kf3 Ra3 48.Ke4 Kh6  0-1

[Event "Keszthely op"]
[Site "Keszthely"]
[Date "1994.??.??"]
[Round "?"]
[White "Volkmann, Friedrich"]
[Black "Kadar, Gabor"]
[Result "1/2-1/2"]
[WhiteElo "2315"]
[BlackElo "2300"]

1.Nf3 Nf6 2.c4 g6 3.Nc3 Bg7 4.e4 d6 5.d4 O-O 6.Be2 e5 7.O-O Nc6 8.d5 Ne7
9.Ne1 Ne8 10.Be3 f5 11.f3 Nf6 12.c5 f4 13.Bf2 g5 14.a4 h5 15.h3 a6 16.a5 Qe8
17.cxd6 cxd6 18.Na4 g4 19.Nb6 Rb8 20.Nxc8 Qxc8 21.fxg4 Nxe4 22.gxh5 Nxf2
23.Rxf2 e4 24.Bg4 Qc5 25.Rc1 Qd4 26.Be6+ Kh7 27.Qg4 Qe3 28.Rc7 Qxe1+ 29.Rf1 Bd4+
30.Kh2 Qg3+ 31.Kh1 Qxg4 32.hxg4 Rbe8 33.g5 Kh8 34.g6 Bg7 35.Kh2 Nxd5 36.Bxd5 Re5
37.Rd1 Rxh5+ 38.Kg1 f3 39.gxf3 exf3 40.Rxb7 Rg5+ 41.Kf2 Rg2+ 42.Ke3 Bh6+
43.Kd3 Rxg6 44.Be4 Rg7 45.Rxg7 Kxg7 46.Rg1+ Kh8 47.Rh1 Rf6 48.Rf1 f2 49.Bb7 Rf5
50.b4 Rb5 51.Bxa6 Rxb4 52.Rxf2 Ra4  1/2-1/2

[Event "JUG-ch sf"]
[Site "Kladovo"]
[Date "1994.??.??"]
[Round "?"]
[White "Barlov, Dragan"]
[Black "Pikula, Dejan"]
[Result "1-0"]
[WhiteElo "2500"]
[BlackElo "2360"]

1.d4 Nf6 2.c4 g6 3.Nc3 Bg7 4.e4 d6 5.Nf3 O-O 6.Be2 e5 7.O-O Nc6 8.d5 Ne7
9.Ne1 Nd7 10.Nd3 f5 11.Bd2 Nf6 12.f3 c5 13.Rb1 f4 14.b4 b6 15.bxc5 bxc5 16.Nb5 g5
17.Nf2 h5 18.h3 Ng6 19.Qe1 a6 20.Ba5 Qe7 21.Nc3 Bd7 22.Rb7 Rfb8 23.Qb1 Qe8
24.Bc7 Rxb7 25.Qxb7 Bf8 26.Rb1 Qc8 27.Qxc8 Bxc8 28.Bd1 Ne8 29.Ba5 Bd7 30.Ba4 Bxa4
31.Nxa4 Ra7 32.Rb8 Nf6 33.Bb6 Rg7 34.Bd8 Ne7 35.Rb6 g4 36.hxg4 hxg4 37.Rxd6 Ne8
38.Re6 gxf3 39.d6 Nxd6 40.Rxd6 Nf5 41.exf5 Bxd6 42.Nc3 fxg2 43.Nce4 Bf8 44.Bf6 Rb7
45.Kxg2 Rb2 46.Bxe5 Rxa2 47.Kf3 Ra3+ 48.Kg4 Ra4 49.f6 Kf7 50.Kf5 Rxc4 51.Ng5+ Ke8
52.Ke6  1-0

[Event "Kopavogur"]
[Site "Kopavogur"]
[Date "1994.??.??"]
[Round "?"]
[White "Halldorsson, Bragi"]
[Black "Gislason, Gudmundur"]
[Result "0-1"]
[WhiteElo "2225"]
[BlackElo "2325"]

1.d4 Nf6 2.c4 g6 3.Nc3 Bg7 4.e4 d6 5.Be2 O-O 6.Nf3 e5 7.O-O Nc6 8.d5 Ne7
9.Nd2 a5 10.a3 Ne8 11.Rb1 f5 12.f3 f4 13.b4 g5 14.c5 Rf6 15.Nc4 axb4 16.axb4 Rg6
17.Ba3 h5 18.b5 g4 19.b6 g3 20.Re1 Nc6 21.Bf1 Nd4 22.Rb2 Qh4 23.h3 cxb6 24.cxd6 Bd7
25.Qd3 Bxh3 26.gxh3 g2 27.Rxg2 Rxg2+ 28.Bxg2 Qxe1+ 29.Kh2 Nxd6  0-1

[Event "Kstovo op"]
[Site "Kstovo"]
[Date "1994.??.??"]
[Round "9"]
[White "Neverov, Valeriy"]
[Black "Yuferov, Sergey  N"]
[Result "1/2-1/2"]
[WhiteElo "2470"]
[BlackElo "2470"]

1.d4 Nf6 2.c4 g6 3.Nc3 Bg7 4.e4 d6 5.Nf3 O-O 6.Be2 e5 7.O-O Nc6 8.d5 Ne7
9.Ne1 Ne8 10.Nd3 f5 11.f3 f4 12.Bd2 h5 13.c5 g5 14.cxd6 cxd6 15.Nf2 Rf6 16.Rc1 Rg6
17.h3 Kh8 18.a4 Ng8 19.Nb5 Nh6 20.Rc3 a6 21.Na3 Nf6 22.Qb3 g4 23.fxg4 hxg4
24.hxg4 Nfxg4 25.Nxg4 Nxg4 26.Nc4 Qg5 27.Rg3 Qe7 28.Rh3+ Kg8 29.Rh1 b5 30.axb5 axb5
31.Qxb5 Ba6 32.Qc6 Qa7+ 33.Qb6 Qxb6+ 34.Nxb6 Rb8 35.Bxa6 Rxb6 36.Bc8 Rxb2
37.Bf5 Rg5 38.Be6+ Kf8 39.Bxg4 Rxg4 40.Rf2 Rb1+ 41.Rf1 Rb2 42.Rf2 Kf7 43.Rh3 Bf6
44.Be1 Rb1 45.Rf1 Kg6 46.Rhf3 Bd8 47.Bf2 Rb4 48.Re1 Ra4 49.Re2 Ra1+ 50.Kh2 Bh4
51.g3 fxg3+ 52.Bxg3 Bxg3+ 53.Rxg3 Kg5 54.Rxg4+ Kxg4 55.Rc2 Ra4 56.Rc6 Ra2+
57.Kg1 Kg3 58.Rc3+ Kf4 59.Rc6 Kxe4 60.Rxd6 Rd2 61.Kf1 Rxd5 62.Rxd5 Kxd5 63.Ke1  1/2-1/2

[Event "Las Vegas op"]
[Site "Las Vegas"]
[Date "1994.??.??"]
[Round "?"]
[White "Gurevich, Dmitry"]
[Black "Jones, Curt"]
[Result "1-0"]
[WhiteElo "2545"]
[BlackElo "2380"]

1.d4 Nf6 2.c4 g6 3.Nc3 Bg7 4.e4 d6 5.Nf3 O-O 6.Be2 e5 7.O-O Nc6 8.d5 Ne7
9.Ne1 Nd7 10.Be3 f5 11.f3 f4 12.Bf2 g5 13.Nb5 b6 14.b4 a6 15.Nc3 h5 16.c5 bxc5
17.bxc5 Nf6 18.cxd6 cxd6 19.Rb1 Ng6 20.Na4 Nd7 21.Qc2 g4 22.fxg4 hxg4 23.Bxg4 Nf6
24.Bf3 Ng4 25.Nb6 Rb8 26.Nxc8 Rxc8 27.Qe2 Nxf2 28.Rxf2 Bf6 29.Bg4 Bh4 30.Bxc8 Bxf2+
31.Qxf2 Qxc8 32.Nf3 Qc4 33.Re1 Rc8 34.h4 Qc2 35.Qb6 Qc5+ 36.Qxc5 Rxc5 37.Rb1 Rb5
38.Rc1 Rb4 39.h5 Nf8 40.Rc8 Kf7 41.h6 Ng6 42.h7 Kg7 43.Ng5 f3 44.Rg8+  1-0

[Event "Liechtenstein op"]
[Site "Liechtenstein"]
[Date "1994.??.??"]
[Round "2"]
[White "Zueger, Beat"]
[Black "Lurje, Pawel"]
[Result "1/2-1/2"]
[WhiteElo "2425"]
[BlackElo "2105"]

1.d4 Nf6 2.c4 g6 3.Nc3 Bg7 4.e4 d6 5.Be2 O-O 6.Nf3 e5 7.O-O Nc6 8.d5 Ne7
9.Ne1 Ne8 10.Be3 f5 11.f3 f4 12.Bf2 h5 13.c5 g5 14.a4 Ng6 15.a5 dxc5 16.Bxc5 Nd6
17.Nc2 a6 18.Na3 Rf7 19.Nc4 Bf8 20.Bf2 Rg7 21.Nxd6 Bxd6 22.Kh1  1/2-1/2

[Event "Liechtenstein op"]
[Site "Liechtenstein"]
[Date "1994.??.??"]
[Round "3"]
[White "Diedam, Norbert"]
[Black "Cvitan, Ognjen"]
[Result "0-1"]
[WhiteElo "2270"]
[BlackElo "2570"]

1.d4 Nf6 2.c4 g6 3.Nc3 Bg7 4.e4 d6 5.Be2 O-O 6.Nf3 e5 7.O-O Nc6 8.d5 Ne7
9.Ne1 Nd7 10.Be3 f5 11.f3 f4 12.Bf2 g5 13.a4 Ng6 14.a5 Kh8 15.Nb5 Nf6 16.c5 g4
17.cxd6 g3 18.hxg3 fxg3 19.Bxg3 cxd6 20.Qd2 Nh5 21.Bh2 Ngf4 22.Nd3 Bh6 23.Nxf4 Bxf4
24.Bxf4 Nxf4 25.Rf2 Rg8 26.g4 a6 27.Na3 Nh3+ 28.Kf1 Qh4 29.Qe1 Nf4 30.Kg1 Nh3+
31.Kf1 Bxg4 32.Rg2 Qf6 33.Rg3 Bd7 34.Nc4 Qh4 35.Nxd6  0-1

[Event "Liechtenstein op"]
[Site "Liechtenstein"]
[Date "1994.??.??"]
[Round "5"]
[White "Donaldson, John W"]
[Black "Arakhamia, Ketevan"]
[Result "1/2-1/2"]
[WhiteElo "2425"]
[BlackElo "2485"]

1.Nf3 Nf6 2.c4 g6 3.Nc3 Bg7 4.e4 d6 5.d4 O-O 6.Be2 e5 7.O-O Nc6 8.d5 Ne7
9.b4 Nh5 10.g3 f5 11.Ng5 Nf6 12.f3 c6 13.Be3 h6 14.Ne6 Bxe6 15.dxe6 Ne8 16.Qb3 Nc7
17.Rad1 Kh7 18.c5 d5 19.exd5 Nexd5 20.Bc4 Nxe3 21.Rxd8 Rfxd8 22.Re1  1/2-1/2

[Event "Linares NL"]
[Site "Linares"]
[Date "1994.??.??"]
[Round "13"]
[White "Browne, Walter S"]
[Black "Zapata, Alonso"]
[Result "1-0"]
[WhiteElo "2535"]
[BlackElo "2565"]

1.d4 Nf6 2.c4 g6 3.Nc3 Bg7 4.e4 d6 5.Nf3 O-O 6.Be2 e5 7.O-O Nc6 8.d5 Ne7
9.Nd2 a5 10.a3 Nd7 11.Rb1 f5 12.b4 Kh8 13.f3 Ng8 14.Qc2 Bh6 15.Nb3 axb4 16.axb4 Ndf6
17.c5 Nh5 18.Nb5 Nf4 19.Kh1 fxe4 20.fxe4 Bd7 21.Bxf4 Bxf4 22.g3 Bxb5 23.Bxb5 Bh6
24.Na5 b6 25.cxb6 cxb6 26.Nc4 Nf6 27.Bc6 Ra7 28.Qe2 Qb8 29.Ra1 b5 30.Rxa7 Qxa7
31.Nxd6 Qe7 32.Nxb5 Nxe4 33.Rxf8+ Qxf8 34.Kg2 Qxb4 35.d6 Nf6 36.d7 Nxd7 37.Bxd7 Qc5
38.Bg4 Bg5 39.Bf3 Kg7 40.Be4 Bd8 41.Qd3 Bb6 42.Nd6 Qf2+ 43.Kh3 Qf8 44.Qd5 Bc7
45.Nc4 Qf1+ 46.Bg2 Qf5+ 47.g4 Qf4 48.Qe4 Qg5 49.Kg3 h5 50.h3 Kh6 51.Bf1 Qc1
52.Kg2 Qf4 53.Bd3 Qxe4+ 54.Bxe4 Kg5 55.Kg3 h4+ 56.Kf3 Bb8 57.Bd3 Kh6 58.Ke4 Bc7
59.Nd2 g5 60.Kf5  1-0

[Event "Linares NL"]
[Site "Linares"]
[Date "1994.??.??"]
[Round "13"]
[White "Vera, Reynaldo"]
[Black "Hernandez, Gilberto"]
[Result "1/2-1/2"]
[WhiteElo "2485"]
[BlackElo "2510"]

1.d4 Nf6 2.Nf3 g6 3.c4 Bg7 4.Nc3 O-O 5.e4 d6 6.Be2 e5 7.O-O Nc6 8.Be3 Ng4
9.Bg5 f6 10.Bc1 f5 11.Bg5 Qe8 12.dxe5 dxe5 13.Nd5 Qf7 14.Bd2 Nf6 15.Ng5 Qd7
16.exf5 gxf5 17.f4 e4 18.Bc3 h6 19.Nxf6+ Bxf6 20.Qxd7 Bxd7 21.Bxf6 Rxf6 22.Rad1 Rd8
23.Nh3  1/2-1/2

[Event "Lippstadt"]
[Site "Lippstadt"]
[Date "1994.??.??"]
[Round "2"]
[White "Wehmeier, Stefan"]
[Black "Touzane, Olivier"]
[Result "1-0"]
[WhiteElo "2290"]
[BlackElo "2330"]

1.d4 Nf6 2.c4 g6 3.Nc3 Bg7 4.e4 d6 5.Nf3 O-O 6.Be2 e5 7.O-O Nc6 8.d5 Ne7
9.Be3 Nh5 10.Nd2 Nf4 11.c5 f5 12.f3 g5 13.Nc4 g4 14.fxg4 Nxe2+ 15.Qxe2 f4
16.cxd6 cxd6 17.Bd2 Bd7 18.Kh1 Rf6 19.g5 Rg6 20.g3 b5 21.gxf4 exf4 22.Nxd6 Rxd6
23.Bxf4 Bh3 24.Rfe1 Ng6 25.Bxd6 Qxd6 26.Qe3 Bd7 27.a4 b4 28.Nb5 Qe5 29.Rad1 Bxb5
30.axb5 Qxb2 31.d6 Be5 32.Re2 Qc3 33.Qxc3 bxc3 34.Ra2 Rd8 35.Rxa7 Rxd6 36.Rxd6 Bxd6
37.b6 Ne7 38.b7 Kf7 39.Ra3 Ke8 40.Rxc3 Kd7 41.Rd3  1-0

[Event "Lisbon-ch"]
[Site "Lisbon"]
[Date "1994.??.??"]
[Round "9"]
[White "Santos, Marco"]
[Black "Gaspar, Artur"]
[Result "0-1"]
[WhiteElo "2000"]
[BlackElo "2000"]

1.d4 Nf6 2.c4 g6 3.Nc3 Bg7 4.e4 d6 5.Nf3 O-O 6.Be2 e5 7.O-O Nc6 8.d5 Ne7
9.Ne1 Ne8 10.Be3 f5 11.f3 f4 12.Bf2 h5 13.c5 g5 14.a4 Rf6 15.a5 Rg6 16.cxd6 Nxd6
17.h3 Kh8 18.Rc1 Ng8 19.Nb5 Nxb5 20.Bxb5 g4 21.hxg4 hxg4 22.fxg4 Bxg4 23.Be2 Nh6
24.Bxg4 Nxg4 25.Nf3 Bf6 26.Qb3 b6 27.Qc4 Rg7 28.axb6 axb6 29.Ra1 Rc8 30.Ra7 Qg8
31.Ne1 Qh7 32.Nf3 Qg6 33.Qa6 Rcg8 34.Ne1 Rh7 35.g3 Qxe4 36.Ng2 Rh2  0-1

[Event "Litomysl op"]
[Site "Litomysl"]
[Date "1994.??.??"]
[Round "?"]
[White "Usachyi, Mark"]
[Black "Simacek, Pavel"]
[Result "0-1"]
[WhiteElo "2315"]
[BlackElo "2065"]

1.Nf3 Nf6 2.d4 g6 3.c4 Bg7 4.Nc3 O-O 5.e4 d6 6.Be2 e5 7.O-O Nc6 8.d5 Ne7
9.Ne1 Ne8 10.Be3 f5 11.f3 f4 12.Bf2 g5 13.b4 Rf6 14.c5 Rg6 15.Nd3 Bd7 16.cxd6 cxd6
17.Rc1 Nc8 18.Nb2 Nf6 19.Bb5 g4 20.Bxd7 Qxd7 21.fxg4 Nxg4 22.Qf3 Nb6 23.a4 Rc8
24.a5 Nc4 25.Nxc4 Rxc4 26.Bxa7 Rxb4 27.Rb1 Rxb1 28.Rxb1 Nxh2 29.Kxh2 Rg3
30.Qf2 Rxc3 31.Qb2 Rg3 32.Qxb7 Qg4 33.Rb2 f3 34.Kg1 Rxg2+ 35.Kf1 Qh3  0-1

[Event "Litomysl op"]
[Site "Litomysl"]
[Date "1994.??.??"]
[Round "?"]
[White "Kalousek, Vladimir"]
[Black "Obsivac, Josef"]
[Result "0-1"]
[WhiteElo "1990"]
[BlackElo "2310"]

1.d4 Nf6 2.Nf3 g6 3.c4 Bg7 4.Nc3 O-O 5.e4 d6 6.Be2 e5 7.O-O Nc6 8.d5 Ne7
9.Bg5 Nd7 10.b4 f5 11.Ne1 Nf6 12.f3 h6 13.Bxf6 Bxf6 14.c5 Kh8 15.a4 Ng8 16.a5 Bg5
17.Kh1 h5 18.Bc4 h4 19.c6 Nf6 20.Nd3 Nh5 21.Ne2 Be3 22.cxb7 Bxb7 23.exf5 Rxf5
24.Nf2 Qg5 25.Ng4 Bf4 26.b5 Kg7 27.Qc2 Rh8 28.Bd3 Rf7 29.Be4 Ng3+ 30.Nxg3 hxg3
31.h3 Bc8 32.Qe2 Kg8 33.b6 cxb6 34.axb6 axb6 35.Ra8 Kg7 36.Rfa1 Rc7 37.R1a7 Qe7
38.Qa2 Rc1+  0-1

[Event "Litomysl op"]
[Site "Litomysl"]
[Date "1994.??.??"]
[Round "?"]
[White "Gostisa, Leon"]
[Black "Soln, Primoz"]
[Result "1-0"]
[WhiteElo "2420"]
[BlackElo "2235"]

1.d4 Nf6 2.c4 g6 3.Nc3 Bg7 4.e4 d6 5.Be2 O-O 6.Nf3 e5 7.O-O Nc6 8.d5 Ne7
9.Bg5 h6 10.Bxf6 Bxf6 11.b4 Bg7 12.Nd2 f5 13.f3 h5 14.c5 Bd7 15.Nc4 Be8 16.a4 b6
17.Ra2 Nc8 18.cxb6 cxb6 19.exf5 gxf5 20.f4 e4 21.Rc2 Qf6 22.b5 Qd4+ 23.Kh1 Bf7
24.Qc1 Qf6 25.Qa3 Rd8 26.Na2 Bxd5 27.Nb4 Bf7 28.Nc6 Ne7 29.Nxd8 Rxd8 30.Rd1 d5
31.Ne5 Qd6 32.Qxd6 Rxd6 33.Rc7 Bxe5 34.fxe5 Re6 35.Rxa7 Rxe5 36.a5 bxa5 37.b6 Nc6
38.Bb5  1-0

[Event "Ljubljana op"]
[Site "Ljubljana"]
[Date "1994.??.??"]
[Round "?"]
[White "Cebalo, Miso"]
[Black "Grabics, Monika"]
[Result "1-0"]
[WhiteElo "2520"]
[BlackElo "2295"]

1.d4 Nf6 2.Nf3 g6 3.c4 Bg7 4.Nc3 O-O 5.e4 d6 6.Be2 e5 7.O-O Nc6 8.Be3 Ng4
9.Bg5 f6 10.Bc1 Nxd4 11.Nxd4 exd4 12.Qxd4 Be6 13.Qd1 Qd7 14.Bxg4 Bxg4 15.Qd3 f5
16.Qd5+ Qf7 17.h3 Bxc3 18.hxg4 Qxd5 19.cxd5 Bd4 20.Rd1 Bb6 21.gxf5 gxf5 22.exf5 Rxf5
23.Be3 Bxe3 24.fxe3 Re8 25.Rd3 Kf7 26.Rc1 Re7 27.Rc4 Kf6 28.a4 Rfe5 29.Rf4+ Rf5
30.g3 Rxf4 31.gxf4 h5 32.Kf2 h4 33.Rd1 Re4 34.b3 Rb4 35.Rc1 Rxb3 36.Rxc7 Rb2+
37.Kf3 h3 38.Rh7 h2 39.Kg3 a6 40.a5 Re2 41.Rxh2 Rxe3+ 42.Kg4 Ra3 43.Rh6+ Ke7
44.Kf5 Rxa5 45.Rh7+ Kf8 46.Ke6 b5 47.Rf7+ Kg8 48.Rb7 Ra4 49.f5 Re4+ 50.Kxd6 b4
51.Kc5 Re5 52.Kc6 Rxf5 53.d6 Rf1 54.d7 Rc1+ 55.Kb6  1-0

[Event "Ljubljana op"]
[Site "Ljubljana"]
[Date "1994.??.??"]
[Round "?"]
[White "Jelen, Igor"]
[Black "Baric, Dusan"]
[Result "0-1"]
[WhiteElo "2385"]
[BlackElo "2130"]

1.d4 Nf6 2.c4 g6 3.Nc3 Bg7 4.e4 d6 5.Nf3 O-O 6.Be2 e5 7.O-O Nc6 8.d5 Ne7
9.Ne1 Nd7 10.Nd3 f5 11.f3 f4 12.b4 g5 13.c5 Nf6 14.cxd6 cxd6 15.Nf2 Rf7 16.a4 Bf8
17.a5 Rg7 18.Bd2 h5 19.h3 Kh7 20.a6 Neg8 21.axb7 Bxb7 22.Ba6 Bxa6 23.Rxa6 Nh6
24.Nb5 g4 25.fxg4 hxg4 26.hxg4 Nfxg4 27.Qf3 Nxf2 28.Rxf2 Qh4 29.Bxf4 exf4
30.Qxf4 Rg4 31.Qf6 Qxf6 32.Rxf6 Rxe4 33.Nxd6 Rxb4 34.Re6 Rb6 35.Rxb6 axb6
36.Ne4 Ng4 37.Ng5+ Kg7 38.Kf1 Bc5 39.Rc6 Ra1+ 40.Ke2 Ra2+  0-1

[Event "Lloyds Bank op"]
[Site "London"]
[Date "1994.??.??"]
[Round "3"]
[White "Corkett, Anthony"]
[Black "Harakis, Alexis"]
[Result "1-0"]
[WhiteElo "2295"]
[BlackElo "2210"]

1.c4 g6 2.Nf3 Bg7 3.Nc3 d6 4.d4 Nf6 5.e4 O-O 6.Be2 e5 7.O-O Nc6 8.d5 Ne7
9.Bg5 Nh5 10.Ne1 Nf4 11.Nd3 Nxe2+ 12.Qxe2 h6 13.Bd2 c6 14.Kh1 Kh7 15.f4 b5
16.cxb5 cxd5 17.Nxd5 Nxd5 18.exd5 Bf5 19.Nb4 Qd7 20.Qc4 exf4 21.Bxf4 Bxb2
22.Rad1 Rac8 23.Nc6 g5 24.Bxd6 Rfe8 25.Qb4 Bg7 26.Be7 Bg6 27.d6 a6 28.a4 Ra8
29.Qc4 axb5 30.axb5 Ra3 31.Rxf7 Bxf7 32.Qxf7 Rf8 33.Qd5 Rfa8 34.Ne5 Qf5 35.Nf3 Qxd5
36.Rxd5 Ra1+ 37.Ng1 Re1 38.d7 Rxe7 39.d8=Q Rxd8 40.Rxd8 Re1 41.Rd5 Kg8 42.g4 Kf7
43.Rd7+ Re7 44.Rd3 Rb7 45.Rd5 Ke6 46.Rf5 Be5 47.Nf3 Bf6 48.h3 Rd7 49.Kg2 Rd5
50.b6 Rxf5 51.gxf5+ Kd7 52.Nd2 Kc6 53.Ne4 Be7 54.Kg3 Kxb6 55.Kg4 Kc6 56.f6 Bf8
57.Kf5 Kd5 58.Ng3 Kd6 59.Nh5 Kd5 60.Ng7 Kd6 61.Ne6  1-0

[Event "Lloyds Bank op"]
[Site "London"]
[Date "1994.??.??"]
[Round "3"]
[White "Chernin, Alexander"]
[Black "Ragozin, Evgeni"]
[Result "1-0"]
[WhiteElo "2615"]
[BlackElo "2510"]

1.d4 Nf6 2.c4 g6 3.Nc3 Bg7 4.e4 d6 5.Nf3 O-O 6.Be2 e5 7.O-O Nc6 8.d5 Ne7
9.Nd2 a5 10.Rb1 Nd7 11.a3 f5 12.b4 Kh8 13.f3 Ng8 14.Qc2 Rf7 15.Bb2 Ndf6 16.c5 Nh5
17.Nc4 axb4 18.axb4 Ngf6 19.Ra1 Rb8 20.b5 b6 21.cxd6 cxd6 22.Na2 Nf4 23.Nb4 N6h5
24.Nc6 Qg5 25.Bd3 Nxd3 26.Qxd3 fxe4 27.Nxd6 Bf5 28.Nxe4 Qxg2+ 29.Kxg2 Nf4+
30.Kg3 Nxd3 31.Nxb8 Nxb2 32.d6 Be6 33.Nc6 Bh6 34.Ra7 Bf4+ 35.Kg2 Nc4 36.Re1 Ne3+
37.Rxe3  1-0

[Event "Lloyds Bank op"]
[Site "London"]
[Date "1994.??.??"]
[Round "4"]
[White "Wells, Peter K"]
[Black "Abbasi, Nasser M"]
[Result "1-0"]
[WhiteElo "2490"]
[BlackElo "2280"]

1.d4 Nf6 2.c4 g6 3.Nc3 Bg7 4.e4 d6 5.Nf3 O-O 6.Be2 e5 7.O-O Nc6 8.d5 Ne7
9.Ne1 Nd7 10.Be3 f5 11.f3 f4 12.Bf2 g5 13.a4 a5 14.Nd3 Rf6 15.c5 Rh6 16.Qb3 Kh8
17.Rfc1 Qe8 18.Nb5 Qh5 19.h3 Nxc5 20.Bxc5 Bxh3 21.Nf2 Bd7 22.Nxc7 Qh2+ 23.Kf1 dxc5
24.Nxa8 Qg3 25.Ke1 Qxg2 26.Bf1 Qg3 27.Qxb7 Rh2 28.Rc2 h5 29.Qxd7 Ng6 30.Nc7 Nh4
31.Ne8  1-0

[Event "London2"]
[Site "London"]
[Date "1994.??.??"]
[Round "5"]
[White "Pigott, John C"]
[Black "McFarland, Robert"]
[Result "1/2-1/2"]
[WhiteElo "2370"]
[BlackElo "2290"]

1.d4 Nf6 2.c4 g6 3.Nc3 Bg7 4.e4 d6 5.Nf3 O-O 6.Be2 e5 7.O-O Nc6 8.d5 Ne7
9.Nd2 c5 10.Rb1 Ne8 11.b4 b6 12.bxc5 bxc5 13.Nb3 f5 14.Bg5 Bf6 15.Bd2 Bg7
16.f3 Nf6 17.Rb2 Kh8 18.Qc2 Neg8 19.Nc1 Bh6 20.Nd3 Bxd2 21.Qxd2 fxe4 22.fxe4 Ba6
23.Ne1 Rb8 24.Rb3 Rxb3 25.axb3 Bc8 26.Nd3 Kg7 27.Ra1 Rf7 28.Ra3 Ne8 29.Nb5 a6
30.Nc3 h5 31.Qe3 Qh4 32.Ra1 Nef6 33.Rb1 Nh6 34.h3 Nd7 35.Nd1 Qd8 36.N1f2 Ng8
37.b4 cxb4 38.Rxb4 Qa5 39.Rb1 Ngf6 40.Rc1 Qa3 41.Bf3 Nc5 42.Rb1 Nfd7 43.Kh2 Qc3  1/2-1/2

[Event "Lloyds Bank op"]
[Site "London"]
[Date "1994.??.??"]
[Round "9"]
[White "Salman, Joel"]
[Black "Ragozin, Evgeni"]
[Result "0-1"]
[WhiteElo "2270"]
[BlackElo "2510"]

1.d4 Nf6 2.c4 g6 3.Nc3 Bg7 4.e4 d6 5.Be2 O-O 6.Nf3 e5 7.O-O Nc6 8.d5 Ne7
9.Ne1 Nd7 10.f3 f5 11.g4 Nf6 12.Nd3 c6 13.Be3 Kh8 14.h3 h6 15.Bf2 fxe4 16.fxe4 g5
17.c5 cxd5 18.cxd6 Ng6 19.Bc5 dxe4 20.d7 Bxd7 21.Bxf8 Bxf8 22.Nf2 Qb6 23.Qb3 Nf4
24.Qxb6 axb6 25.Rae1 Bc6 26.a3 Bc5 27.Kh2 Bd4 28.Nfd1 Rd8 29.Bb5 Bxc3 30.Nxc3 Bxb5
31.Nxb5 Rd3 32.Rd1 Rxh3+ 33.Kg1 e3 34.Rd6 Nxg4  0-1

[Event "EUCup Gr3"]
[Site "Lubniewice"]
[Date "1994.??.??"]
[Round "2"]
[White "Grabliauskas, Virginijus"]
[Black "Seeman, Tarvo"]
[Result "1-0"]
[WhiteElo "2425"]
[BlackElo "2260"]

1.d4 Nf6 2.c4 g6 3.Nc3 Bg7 4.e4 d6 5.Nf3 O-O 6.Be2 e5 7.O-O Nc6 8.d5 Ne7
9.b4 a5 10.Ba3 Nd7 11.bxa5 Rxa5 12.Bb4 Ra8 13.a4 Bh6 14.Nd2 f5 15.Nb3 Nf6
16.exf5 Nxf5 17.c5 e4 18.Nd4 e3 19.f4 Qe7 20.cxd6 cxd6 21.Ne6 Bxe6 22.dxe6 Qxe6
23.g4 Nh4 24.g5 Qh3 25.Bc4+ Kh8 26.Ra2 e2 27.Qxe2 Rae8 28.Qd1 Re3 29.gxh6 Rxc3
30.Qxd6 Qe3+ 31.Raf2 Nd7 32.Bxc3+ Qxc3 33.Qxd7  1-0

[Event "EUCup Gr3"]
[Site "Lubniewice"]
[Date "1994.??.??"]
[Round "3"]
[White "Stohl, Igor"]
[Black "Malisauskas, Vidmantas"]
[Result "1/2-1/2"]
[WhiteElo "2560"]
[BlackElo "2510"]

1.Nf3 Nf6 2.c4 g6 3.Nc3 Bg7 4.e4 d6 5.d4 O-O 6.Be2 e5 7.O-O Nc6 8.d5 Ne7
9.Nd2 Ne8 10.b4 f5 11.c5 fxe4 12.Ndxe4 Nf5 13.Bg5 Nf6 14.Bg4 Qd7 15.Bxf5 gxf5
16.Nxf6+ Bxf6 17.Bxf6 Rxf6 18.f4 Rg6 19.Qd2 Qg7 20.Rae1 Bd7 21.b5 Kh8 22.c6 Rg8
23.Rf2 Bc8 24.Nd1 exf4 25.Qc3 Qxc3 26.Nxc3 f3 27.g3 f4 28.Rxf3 fxg3 29.Rxg3 Rxg3+
30.hxg3 bxc6 31.dxc6 Rxg3+ 32.Kf2 Rxc3 33.Re8+ Kg7 34.Rxc8 Ra3 35.Rxc7+ Kf6
36.Rxh7 Rxa2+ 37.Ke3 Rb2 38.c7 Rc2 39.Kd4 Ke6 40.c8=Q+ Rxc8 41.Rxa7 Rc1  1/2-1/2

[Event "SWZ-ch op"]
[Site "Luzern"]
[Date "1994.??.??"]
[Round "?"]
[White "Raeber, Markus"]
[Black "Istratescu, Andrei"]
[Result "0-1"]
[WhiteElo "2515"]
[BlackElo "2110"]

1.d4 Nf6 2.c4 g6 3.Nc3 Bg7 4.e4 O-O 5.Nf3 d6 6.Be2 e5 7.O-O Nc6 8.d5 Ne7
9.b4 a5 10.bxa5 c5 11.dxc6 bxc6 12.Bg5 Rxa5 13.Bxf6 Bxf6 14.Rb1 d5 15.cxd5 cxd5
16.exd5 Nxd5 17.Nxd5 Rxd5 18.Qb3 e4 19.Bc4 Rh5 20.Ne1 Qc7 21.g3 Rc5 22.Be2 Be6
23.Qa4 Bd5 24.Ng2 Ra8 25.Qb4 Rxa2 26.Nf4 Ba8 27.Qb3 Rcc2 28.Bd1 Rd2 29.Bg4 e3
30.Qxe3 Qc6 31.Rb8+ Kg7 32.Rxa8 Qxa8 33.Bf3 Qa6 34.Nd5 Bd4 35.Qe1 Ra1  0-1

[Event "SWZ-ch int"]
[Site "Luzern"]
[Date "1994.??.??"]
[Round "8"]
[White "Nemet, Ivan"]
[Black "Forster, Richard"]
[Result "0-1"]
[WhiteElo "2425"]
[BlackElo "2380"]

1.d4 Nf6 2.c4 g6 3.Nc3 Bg7 4.e4 d6 5.Nf3 O-O 6.Be2 e5 7.O-O Nc6 8.d5 Ne7
9.Nd2 a5 10.a3 Nd7 11.Rb1 f5 12.b4 Kh8 13.Qc2 Nf6 14.f3 axb4 15.axb4 f4 16.c5 g5
17.Nc4 g4 18.fxg4 Nxg4 19.h3 Nf6 20.Bb2 Ng6 21.Nb5 Ne8 22.cxd6 cxd6 23.Kh1 Nh4
24.Bf3 Bd7 25.Nbxd6 Nxd6 26.Bxe5 Nxc4 27.Bxg7+ Kxg7 28.Qxc4 Ng6 29.Qc3+ Qf6
30.Qc7 Rf7 31.Qxb7 Ra2 32.Qb8 Bxh3 33.gxh3 Qh4 34.Bg2 f3 35.Rg1 fxg2+ 36.Kh2 Rf3
37.Qc7+ Kh6  0-1

[Event "Makarska"]
[Site "Makarska"]
[Date "1994.??.??"]
[Round "?"]
[White "Stone, Raymond"]
[Black "Matkovic, Tonci"]
[Result "1/2-1/2"]
[WhiteElo "2355"]
[BlackElo "2255"]

1.d4 Nf6 2.c4 g6 3.Nc3 Bg7 4.e4 d6 5.Be2 O-O 6.Nf3 e5 7.O-O Nc6 8.d5 Ne7
9.Ne1 Nd7 10.Nd3 f5 11.Bd2 Nf6 12.f3 f4 13.c5 g5 14.cxd6 cxd6 15.Rc1 Ng6
16.Nb5 Ne8 17.a4 h5 18.Nf2 Nh4 19.h3 Bh6 20.Rc3 Rf7 21.Qc2 a6 22.Na3 Bd7
23.Rc1 Rg7 24.Qd1 g4 25.fxg4 Bg5 26.a5 hxg4 27.hxg4 Qf6 28.Nc4 Bb5 29.Nb6 Bxe2
30.Qxe2 Rd8 31.R1c2 Rf7 32.Qd1 Kg7 33.Nc4 Qg6 34.Bc1 Nf6 35.Qe2 f3 36.gxf3 Nh7
37.Nh1 Bxc1 38.Rxc1 Ng5 39.Rf1 Nh3+ 40.Kh2 Rh8 41.Kg3 Qg5 42.Qd2 Nf5+ 43.exf5 Qh4+
44.Kg2 Nf4+ 45.Kg1 Nh3+ 46.Kg2 Nf4+ 47.Kg1 Nh3+  1/2-1/2

[Event "CRO-chT"]
[Site "Makarska"]
[Date "1994.??.??"]
[Round "7"]
[White "Cebalo, Miso"]
[Black "Grdinic, Zvonimir"]
[Result "1-0"]
[WhiteElo "2520"]
[BlackElo "2400"]

1.d4 Nf6 2.Nf3 g6 3.c4 Bg7 4.Nc3 O-O 5.e4 d6 6.Be2 e5 7.O-O Nc6 8.Be3 Ng4
9.Bg5 f6 10.Bc1 Nxd4 11.Nxd4 exd4 12.Qxd4 Be6 13.Qd1 Ne5 14.f4 Nc6 15.Be3 f5
16.exf5 Bxf5 17.Qd2 Qd7 18.Bf3 Rae8 19.Rad1 Qc8 20.c5 Rd8 21.Rfe1 Kh8 22.Qf2 Nb4
23.Bd4 dxc5 24.Bxg7+ Kxg7 25.Qxc5 Nd3 26.Re7+ Rf7 27.Rxf7+ Kxf7 28.Bd5+ Kg7
29.Qe7+ Kh6 30.g4 Nxb2 31.gxf5  1-0